00638nam a2200193 a 450000100100000000500170001000800410002702000150006804000250008308200150010810000230012324500750014626000790022130000200030049000290032050000370034970000270038683000310041300004380720201002044958.0140506s1991 sp 000 0 spa d a8479690283 aDO-SdBNPbspacBNPHU axxxxbxxxx1 aMaupassant, Guy de10aCuentos de guerra /cGuy de Maupassant; traducción Esther Benítez. a[Madrid] :bCompañía Europea de Comunicación e Información,c1991. a94 p. ;c19 cm.1 aBiblioteca de El solv21 aIncluyenotas al pie de páginas12aBenítez, Estheretr. 0aBiblioteca de El sol ;v21